Southville International School and Colleges
Your cart is empty.
  • Cart
  • Lists
    Public lists Eva Luna New books Lux_list list_1
    Your lists Log in to create your own lists
  • Log in to your account
  • Your cookies
  • Search history
Southville International School and Colleges
  • Advanced search
  • Recent comments
  • Most popular
  • Libraries

Log in to your account

Log in with GOOGLE


If you do not have an external account, but do have a local account, you can still log in:

  1. Home
  2. MARC view: Basic concepts chemistry /
Normal view MARC view ISBD view

Basic concepts chemistry / (Record no. 358086)

[ view plain ]
MARC details
000 -LEADER
fixed length control field 00414nam a2200145Ia 4500
008 - FIXED-LENGTH DATA ELEMENTS--GENERAL INFORMATION
fixed length control field 180627s9999 xx 000 0 und d
020 ## - INTERNATIONAL STANDARD BOOK NUMBER
International Standard Book Number 9789812533319
100 ## - MAIN ENTRY--PERSONAL NAME
Personal name Malone, Leo J.
245 ## - TITLE STATEMENT
Statement of responsibility, etc Leo J. Malone,Theodoro O. Dolter.
Title Basic concepts chemistry /
250 ## - EDITION STATEMENT
Edition statement 8th ed
260 ## - PUBLICATION, DISTRIBUTION, ETC. (IMPRINT)
Place of publication, distribution, etc USA:
Name of publisher, distributor, etc John Wiley & Sons
Date of publication, distribution, etc 2010
300 ## - PHYSICAL DESCRIPTION
Extent vii, 539 pages
650 ## - SUBJECT ADDED ENTRY--TOPICAL TERM
Topical term or geographic name as entry element Chemistry -- concepts
650 ## - SUBJECT ADDED ENTRY--TOPICAL TERM
Topical term or geographic name as entry element Chemistry.
Holdings
Withdrawn status Lost status Damaged status Home library Current library Shelving location Date acquired Source of acquisition Total Checkouts Full call number Barcode Date last seen Price effective from Koha item type
      College Library College Library General Circulation Section 06/27/2018     QD 31.2 .M257 2010 C21543 06/27/2018 06/27/2018 Books

Basic concepts chemistry /

APA

Malone L. J., . (2010). Basic concepts chemistry. USA: John Wiley & Sons.

Chicago

Malone Leo J, . 2010. Basic concepts chemistry. USA: John Wiley & Sons.

Harvard

Malone L. J., . (2010). Basic concepts chemistry. USA: John Wiley & Sons.

MLA

Malone Leo J, . Basic concepts chemistry. USA: John Wiley & Sons. 2010.

  • Place hold
  • Print
  • Cite
  • Add to your cart (remove)
  • Save record
    BIBTEX Dublin Core MARCXML MARC (non-Unicode/MARC-8) MARC (Unicode/UTF-8) MARC (Unicode/UTF-8, Standard) MODS (XML) RIS
  • More searches
    Search for this title in:
    Other Libraries (WorldCat) Other Databases (Google Scholar) Online Stores (Bookfinder.com) Open Library (openlibrary.org)

Exporting to Dublin Core...

SOUTHVILLE LIBRARY

Southville International School and Colleges Library

1281 Tropical Ave. Cor. Luxembourg St., BF Homes International, Las Pinas City

Tel. No. 8256374 / 252358 Loc. 117/146

Powered by Koha